Statistics for NHL Stanley Cup Winner Roster Quiz

Click here to take the quiz!

General Stats

  • This quiz has been taken 452 times
    (447 since last reset)
  • The average score is 77 of 145

Answer Stats

HintAnswer% Correct
2009 - Penguins | 2016 - Penguins | 2017 - PenguinsSidney Crosby
96%
2010 - Blackhawks | 2013 - Blackhawks | 2015 - BlackhawksPatrick Kane
94%
2009 - Penguins | 2016 - Penguins | 2017 - PenguinsEvgeni Malkin
93%
2010 - Blackhawks | 2015 - BlackhawksJonathan Toews
93%
2018 - CapitalsAlexander Ovechkin
92%
2012 - Kings | 2014 - KingsAnže Kopitar
88%
2009 - Penguins | 2017 - PenguinsMarc-André Fleury
88%
2016 - PenguinsKris Letang
87%
2011 - BruinsPatrice Bergeron
86%
2011 - BruinsBrad Marchand
84%
2019 - BluesRyan O'Reilly
84%
2010 - Blackhawks | 2013 - Blackhawks | 2015 - BlackhawksDuncan Keith
83%
2012 - Kings | 2014 - KingsDrew Doughty
82%
2012 - Kings | 2014 - KingsJonathan Quick
82%
2019 - BluesJordan Binnington
82%
2018 - CapitalsBraden Holtby
81%
2013 - Blackhawks | 2015 - BlackhawksCorey Crawford
80%
2018 - CapitalsNicklas Bäckström
79%
2011 - BruinsTim Thomas
78%
2019 - BluesVladimir Tarasenko
78%
2018 - CapitalsJohn Carlson
75%
1991 - Penguins | 1992 - PenguinsMario Lemieux
75%
2016 - PenguinsMatt Murray
74%
1995 - Devils | 2000 - Devils | 2003 - DevilsMartin Brodeur
73%
2019 - BluesAlex Pietrangelo
72%
1990 - Oilers | 1994 - RangersMark Messier
71%
2012 - KingsDustin Brown
70%
2018 - CapitalsEvgeny Kuznetsov
70%
1996 - Avalanche | 2001 - AvalancheJoe Sakic
70%
1993 - Canadiens | 1996 - Avalanche | 2001 - AvalanchePatrick Roy
69%
2007 - DucksCorey Perry
68%
2004 - LightningMartin St. Louis
68%
2008 - Red WingsPavel Datsyuk
67%
2016 - Penguins | 2017 - PenguinsPhil Kessel
67%
2007 - DucksRyan Getzlaf
67%
2015 - BlackhawksMarián Hossa
66%
1998 - Red Wings | 2002 - Red WingsNicklas Lidström
66%
2008 - Red WingsHenrik Zetterberg
65%
2006 - HurricanesRod Brind'Amour
65%
1997 - Red WingsSteve Yzerman
65%
1998 - Red Wings | 2002 - Red WingsSteve Yzerman
64%
1996 - AvalanchePeter Forsberg
60%
2012 - KingsJustin Williams
58%
1999 - StarsMike Modano
58%
2004 - LightningFredrik Modin
56%
2006 - HurricanesEric Staal
55%
2010 - Blackhawks | 2013 - BlackhawksPatrick Sharp
55%
2007 - DucksTeemu Selänne
55%
2002 - Red WingsDominik Hašek
53%
2006 - HurricanesCam Ward
52%
1998 - Red Wings | 2008 - Red WingsChris Osgood
51%
1995 - Devils | 2003 - DevilsScott Niedermayer
51%
1990 - OilersJari Kurri
50%
2014 - KingsJustin Williams
49%
1991 - Penguins | 1992 - PenguinsKevin Stevens
49%
2000 - DevilsScott Stevens
49%
2014 - KingsJeff Carter
48%
2007 - DucksJean-Sébastien Giguère
47%
2000 - DevilsPatrik Eliáš
47%
2004 - LightningBrad Richards
43%
1997 - Red Wings | 1998 - Red Wings | 2002 - Red WingsSergei Fedorov
43%
2010 - BlackhawksAntti Niemi
42%
1994 - RangersBrian Leetch
42%
1999 - StarsEd Belfour
39%
2011 - BruinsDavid Krejčí
38%
2007 - DucksChris Pronger
37%
2019 - BluesJaden Schwartz
37%
1997 - Red Wings | 2002 - Red WingsBrendan Shanahan
36%
1992 - PenguinsRon Francis
36%
1994 - RangersMike Richter
35%
2017 - PenguinsJustin Schultz
33%
2001 - AvalancheMilan Hejduk
32%
1991 - Penguins | 1992 - PenguinsTom Barrasso
32%
2009 - PenguinsSergei Gonchar
30%
1999 - StarsSergei Zubov
30%
1999 - StarsJoe Nieuwendyk
29%
2004 - LightningNikolai Khabibulin
29%
1991 - PenguinsMark Recchi
28%
2008 - Red WingsNiklas Kronwall
28%
1994 - RangersAdam Graves
27%
2011 - BruinsDennis Seidenberg
26%
1997 - Red WingsMike Vernon
26%
1993 - CanadiensVincent Damphousse
25%
2013 - BlackhawksBryan Bickell
24%
2008 - Red WingsJohan Franzén
24%
1990 - OilersSteve Smith
24%
2001 - AvalancheRob Blake
23%
2000 - DevilsJason Arnott
22%
1991 - Penguins | 1992 - Penguins | 1997 - Red WingsLarry Murphy
22%
1994 - RangersAlexei Kovalev
20%
2001 - AvalancheAlex Tanguay
20%
1990 - OilersBill Ranford
20%
2009 - PenguinsBill Guerin
18%
2004 - LightningDan Boyle
18%
1999 - Stars | 2003 - DevilsJamie Langenbrunner
18%
1993 - CanadiensKirk Muller
17%
1993 - CanadiensÉric Desjardins
16%
2006 - HurricanesFrantišek Kaberle
15%
2000 - DevilsPetr Sýkora
15%
1998 - Red WingsTomas Holmström
15%
1990 - OilersCraig Simpson
14%
1995 - DevilsStéphane Richer
14%
1993 - CanadiensBrian Bellows
13%
1996 - AvalancheSandis Ozoliņš
13%
1996 - AvalancheValeri Kamensky
13%
2003 - DevilsJohn Madden
12%
2006 - HurricanesCory Stillman
11%
1995 - DevilsJohn MacLean
11%
2003 - DevilsJeff Friesen
9%
1995 - DevilsNeal Broten
8%

Score Distribution

Percentile by Number Answered

Percent of People with Each Score

Your Score History

You have not taken this quiz since the last reset